000
00287nam a22001337a 4500
008
170315b xxu||||| |||| 00| 0 eng d
020
_a
9780314364401
041
_a
eng
080
_a
611
100
_a
7
101
_a
SHM
245
_a
SEX DECRIMINATION
_c
LINDGREN.J.R
942
_2
udc
_c
BK
999
_c
7861
_d
7861